| 000 | 00939nmm a2200313 a 4500 | ||
|---|---|---|---|
| 001 | ocm000582440 | ||
| 003 | TR-IsHL | ||
| 005 | 20201028120821.0 | ||
| 008 | 130627s2009 tu tur | ||
| 007 | cr cn | ||
| 020 | _a9789944300230 | ||
| 035 |
_a582440 _b(N$T) |
||
| 050 | 0 | 4 |
_aHD57.7 _b.K55 2009 |
| 090 | 0 | 4 |
_aHD57.7 _b.K55 2009 |
| 100 | 1 | _aKılınç, Mustafa | |
| 245 | 1 | 0 |
_aEtkin liderlik _h[electronic resource] / _cMustafa Kılınç ; ed. Sevda Dursun |
| 250 | _a1. bs. | ||
| 260 |
_aİstanbul : _bKariyer Yayıncılık, _c2009 |
||
| 300 | _a232 p. | ||
| 650 | 4 | _aİşletme ve Yönetim | |
| 650 | 4 | _aBusiness and Management | |
| 650 | 0 | _aYönetim | |
| 650 | 0 | _aManagement | |
| 650 | 0 | _aLiderlik | |
| 650 | 0 | _aLeadership | |
| 650 | 7 |
_aBUSINESS & ECONOMICS / Leadership _2bisacsh |
|
| 700 | 1 | _aDursun, Sevda | |
| 856 | 4 | 0 | _uhttp://search.ebscohost.com/login.aspx?direct=true&scope=site&db=e011xww&AN=582440 |
| 999 |
_c987 _d987 |
||